Statistics for Brooklyn Nine-Nine Trivia

Click here to take the quiz!

General Stats

  • This quiz has been taken 79 times
  • The average score is 12 of 15

Answer Stats

Trivia questionAnswer% Correct
What is Jake's favorite movie?Die Hard
98%
What is Terry's favorite food?Yogurt
98%
How many brothers does Amy have?Seven
98%
Who is the Pontiac Bandit?Doug Judy
97%
How many pushups have to be done as part of Jake and Rosa's pact?1000
95%
What is Charles' son's name?Nikolaj
94%
What is Scully's first name?Norm
92%
Who does the correct impression of Holt eating a marshmellow?Charles Boyle
92%
What is Holt's middle name?Jacob
89%
Who is Captain Holt's nemesis?Madeline Wuntch
85%
Who is Keith Pembroke more commonly known as?The Vulture
82%
What pyramid-scheme type company does Bill represent?Nutriboom
67%
Where do Jake and Amy get married?The precinct
67%
What is Holt's favorite car called?Gertie
62%
What real life precinct does the show take place in?The 78th precinct
27%

Score Distribution

Percentile by Number Answered

Percent of People with Each Score

Your Score History

You have not taken this quiz